Sea or Ocean - Statistics

General Stats
  • This quiz has been taken 28 times
  • The average score is 9 of 10
Answer Stats
Hint Answer % Correct
Pacific Ocean
100%
Atlantic Ocean
100%
Arabian Sea
100%
Red Sea
100%
Indian Ocean
96%
Mediterranean Sea
96%
Caribbean Sea
96%
Arctic Ocean
87%
South China Sea
87%
Southern Ocean
78%
No matching quizzes found
Score Distribution
Percent of People with Each Score
Percentile by Number Answered
Your Score History
You have not taken this quiz